Διδασκαλία της νέας ελληνικής ως δεύτερης κριτική επισκόπηση εγχειριδίων

Αποθηκεύτηκε σε:
Λεπτομέρειες βιβλιογραφικής εγγραφής
Άλλοι συγγραφείς: Ψάλτου-Joycey, Αγγελική (Επιμελητής έκδοσης)
Μορφή: Βιβλίο
Γλώσσα:Greek
Δημοσίευση: Θεσσαλονίκη : Κέντρο Ελληνικής Γλώσσας, 2001
Θέματα:
Ετικέτες: Προσθήκη ετικέτας
Δεν υπάρχουν, Καταχωρήστε ετικέτα πρώτοι!

MARC

LEADER 00000cam a2200000 i 4500
001 1/22908
008 120913s2001 gre d
020 |a 960-7779-29-0 
035 |l 10113143 
040 |a GR-MY-UA  |b gre  |e aacr 
041 0 |a gre 
082 0 |a 489.3  |2 (22) 
245 1 0 |a Διδασκαλία της νέας ελληνικής ως δεύτερης/ξένης γλώσσας :  |b κριτική επισκόπηση εγχειριδίων /  |c επιστημονική επιμέλεια: Αγγελική Ψάλτου-Joycey 
260 |a Θεσσαλονίκη :   |b Κέντρο Ελληνικής Γλώσσας,   |c 2001 
300 |a 171 σ.;  |c 24 εκ. 
504 |a Περιλαμβάνει βιβλιογραφικές παραπομπές και ευρετήριο 
650 0 0 |a Greek language, Modern  |x Study and teaching. 
650 0 0 |a Greek language, Modern  |x Textbooks for foreign speakers. 
700 1 |a Ψάλτου-Joycey, Αγγελική.  |4 edt 
852 |a INST  |b RHODES  |e 20120913  |h 489.3 ΔΙΔ  |p 005400034532  |q 005400034532  |t BK  |y 0 
901 |a BIBL4-2012-3 
909 |a Ρ  |b 171165 
922 |a 4ΕΛΗ 
970 |z 2012/09/13